PSV Eindhoven Current Squad - Statistics

General Stats
  • This quiz has been taken 40 times
  • The average score is 21 of 31
Answer Stats
# Position Nation Player Name % Correct
1 GK Argentina Walter Benítez
100%
20 MF Netherlands Guus Til
92%
8 DF United States Sergiño Dest
92%
9 FW Netherlands Luuk de Jong
89%
10 MF United States Malik Tillman
89%
34 MF Morocco Ismael Saibari
86%
11 FW Belgium Johan Bakayoko
86%
14 FW United States Ricardo Pepi
86%
5 DF Brazil André Ramalho
83%
17 MF Brazil Mauro Júnior
83%
7 FW Netherlands Noa Lang
83%
18 DF France Olivier Boscagli
83%
27 FW Mexico Hirving Lozano
81%
23 MF Netherlands Joey Veerman
81%
- Coach Netherlands Peter Bosz
81%
16 GK Netherlands Joël Drommel
78%
22 MF Netherlands Jerdy Schouten
75%
3 DF Netherlands Jordan Teze
75%
4 DF Netherlands Armando Obispo
72%
26 MF Netherlands Isaac Babadi
58%
28 MF United States Richard Ledezma
58%
35 DF Norway Fredrik Oppegård
56%
6 DF Germany Armel Bella-Kotchap
53%
24 GK Netherlands Boy Waterman
50%
30 DF Netherlands Patrik van Aanholt
50%
32 FW Belgium Yorbe Vertessen
50%
2 DF Netherlands Shurandy Sambo
44%
31 MF Netherlands Tygo Land
44%
41 GK Belgium Kjell Peersman
39%
29 FW Argentina Maximiliano Romero
36%
- FW Netherlands Fodé Fofana
6%
No matching quizzes found
Score Distribution
Percent of People with Each Score
Percentile by Number Answered
Your Score History
You have not taken this quiz